Gemeinden von St. Pölten-Land - Statistiken

Allgemein
  • Dieses Quiz wurde 343 mal gespielt
  • Das Durchschnittsergebnis liegt bei 21 aus 45
Antworten auf der Karte
Die Antworten werden auf der Karte rot bzw. grün angezeigt, abhängig davon wie oft sie richtig erraten wurden.
 
Antwortstatistiken
Einwohner Gemeinde % Korrekt
8.306 Neulengbach
86%
5.059 Böheimkirchen
81%
2.987 Altlengbach
80%
9.713 Purkersdorf
74%
7.831 Herzogenburg
71%
6.563 Wilhelmsburg
70%
7.770 Pressbaum
68%
3.221 Kirchberg an der Pielach
65%
6.204 Traismauer
65%
4.567 Ober-Grafendorf
61%
3.532 Pyhra
59%
1.956 Frankenfels
58%
2.565 Rabenstein an der Pielach
58%
2.674 Hofstetten-Grünau
56%
4.983 Gablitz
55%
4.644 Eichgraben
53%
1.403 Kasten bei Böheimkirchen
53%
593 Loich
53%
2.182 Karlstetten
51%
375 Schwarzenbach an der Pielach
51%
3.042 Maria-Anzbach
49%
1.596 Prinzersdorf
49%
3.663 Mauerbach
48%
1.472 Neidling
44%
1.228 Brand-Laaben
40%
2.319 Obritzberg-Rust
40%
1.772 Nußdorf ob der Traisen
39%
2.527 Wölbling
39%
1.369 Weinburg
38%
2.081 Markersdorf-Haindorf
35%
893 Michelbach
33%
1.705 Wolfsgraben
33%
2.183 Kirchstetten
32%
2.808 Tullnerbach
32%
973 Gerersdorf
31%
1.578 Inzersdorf-Getzersdorf
31%
850 Stössing
31%
1.009 St. Margarethen an der Sierning
29%
1.570 Neustift-Innermanzing
28%
2.212 Asperhofen
27%
1.662 Hafnerbach
26%
1.400 Statzendorf
26%
1.388 Kapelln
25%
1.204 Haunoldstein
22%
1.412 Perschling
20%
Keine übereinstimmenden Quizze gefunden
Verteilung der Resultate
Anzahl Personen mit jedem Resultat
Perzentil nach korrekt beantworteten Fragen
Ihre Resultats-Entwicklung
Sie haben dieses Quiz noch nicht gespielt